E-Surveill, Location Tracker and Security Surveillance System (Record no. 13624)

000 -LEADER
fixed length control field 00507nam a22001697a 4500
003 - CONTROL NUMBER IDENTIFIER
control field NUST
038 ## - RECORD CONTENT LICENSOR
Staff Name a
082 ## - DEWEY DECIMAL CLASSIFICATION NUMBER
Classification number BEE-4 OSA
100 ## - MAIN ENTRY--PERSONAL NAME
Personal name Ahmad Osama
9 (RLIN) 93439
245 ## - TITLE STATEMENT
Title E-Surveill, Location Tracker and Security Surveillance System
260 ## - PUBLICATION, DISTRIBUTION, ETC.
Place of publication, distribution, etc. Islamabad
Name of publisher, distributor, etc. NUST-SEECS
Date of publication, distribution, etc. 2016
300 ## - PHYSICAL DESCRIPTION
Extent 72p.
Other physical details 27cm.
Accompanying material CD ROM Includes
500 ## - GENERAL NOTE
General note Supervisors: Dr. Salman Abdul Ghafoor, Dr. Muhammad Umar Khan
563 ## - BINDING INFORMATION
Binding note a
856 ## - ELECTRONIC LOCATION AND ACCESS
Uniform Resource Identifier <a href="http://10.250.8.41:8080/xmlui/handle/123456789/6240">http://10.250.8.41:8080/xmlui/handle/123456789/6240</a>
942 ## - ADDED ENTRY ELEMENTS (KOHA)
Koha item type Thesis
Source of classification or shelving scheme
Holdings
Withdrawn status Lost status Source of classification or shelving scheme Damaged status Not for loan Permanent Location Current Location Shelving location Date acquired Source of acquisition Full call number Barcode Date last seen Price effective from Koha item type
WITHDRAWN         Central Library (CL) Central Library (CL) General Stacks 07/22/2016 NUST-SEECS BEE-4 OSA SEECSP01880 07/22/2016 01/05/2017 Project Report
© 2023 Central Library, National University of Sciences and Technology. All Rights Reserved.